Hidden words in countries - Statistics

General Stats
  • This quiz has been taken 79 times
  • The average score is 13 of 21
Answer Stats
Hint Answer % Correct
Chin China
100%
Cost Costa rica
89%
Hung Hungary
85%
Malt Malta
78%
Lank Sri lanka
70%
Mark Denmark
69%
Lays Malaysia
65%
Pain Spain
65%
Many Germany
63%
Mold Moldova
63%
Pore Singapore
63%
Tong Tonga
61%
Bout Djibouti
59%
Dive Maldives
59%
Mace Macedonia
54%
Port Portugal
54%
Name Suriname
52%
Gent Argentina
50%
Zeal New Zealand
50%
Wait Kuwait
35%
Glad Bangladesh
28%
No matching quizzes found
Score Distribution
Percent of People with Each Score
Percentile by Number Answered
Your Score History
You have not taken this quiz